Statistics for Countries by Net Migration

Click here to take the quiz!

General Stats

  • This quiz has been taken 32,100 times
    (11,578 since last reset)
  • The average score is 18 of 24

Answer Stats

Net Migration Country % Correct
+4,500,000United States
99%
+900,000United Kingdom
97%
+1,850,000Germany
97%
+400,000France
96%
-1,625,000China
95%
+1,100,000Canada
93%
-300,000Mexico
92%
-2,450,000India
92%
+800,000Russia
91%
+350,000Italy
89%
-1,240,000Syria
88%
+850,000Australia
87%
-1,070,000Pakistan
81%
+1,525,000Turkey
80%
-825,000Indonesia
74%
-300,000Afghanistan
67%
-2,350,000Bangladesh
66%
+590,000Saudi Arabia
64%
-300,000Nigeria
61%
-650,000Philippines
59%
+300,000United Arab Emirates
52%
+605,000Oman
35%
-450,000Sri Lanka
26%
-350,000Nepal
25%

Score Distribution

Percentile by Number Answered

Percent of People with Each Score

Your Score History

You have not taken this quiz since the last reset